000 00827cab a2200253 4500
001 WB3324-06
008 090401t1997 xxu||||| |||| 00| 0 eng d
035 _a(Sirsi) u79007
041 _aeng
245 _aFall in property market confidence
260 _c1997
350 _a0
490 _aFinancial Times
_v14/15 June 1997, 7
490 _aIndependent
_v16 June 1997, 19(1)
520 _aThe latest survey by the Confederation of British Industry and Grimley shows the first dip in property market confidence since the market`s revival.
650 _aCBI / GRIMLEY SURVEY
650 _aPROPERTY-COMMERCIAL PROPERTY
650 _aPROPERTY CONFIDENCE
650 _aPROPERTY MARKET
650 _aSURVEY
690 _aPROPERTY-COMMERCIAL PROPERTY-COMMERCIAL PROPERTY MARKET
942 _n0
948 _c17/06/1997
999 _c49648
_d49648